000 00748cam a2200241 4500500
005 20260405004103.0
041 _afre
042 _adc
100 1 0 _aOrtoli, Sven
_eauthor
700 1 0 _aLarmagnac-Matheron, Octave
_eauthor
245 0 0 _aUne brève histoire de la Terre du Milieu
260 _c2022.
500 _a79
690 _aAnneau
690 _aHeroic fantasy
690 _aHistoire
690 _aMagie
690 _aSeigneur des Anneaux
690 _aTemps
690 _aTolkien
786 0 _nPhilosophie magazine - Hors séries | Hors série - Été-Autome 2022 | HS54 | 2022-07-01 | p. 2-3 | 2104-9246
856 4 1 _uhttps://shs.cairn.info/magazine-philosophie-magazine-2022-hs54-page-2?lang=fr&redirect-ssocas=7080
999 _c2073601
_d2073601